History Quiz

Random History or Celebrity Quiz

Car Crash Celebrities Quiz Stats

 Plays Quiz Updated Oct 14, 2016

Also try: Movies by Car
Challenge
Share
Tweet
Embed
Score 0/24 Timer 08:00
0 Plays Today
Year Person % Correct
1997Princess Diana of Wales
89.9%
1955James Dean
62%
1982Grace Kelly
61.2%
2001Dale Earnhardt
44.1%
1945George S. Patton
39.7%
1906Pierre Curie
28.5%
1994Ayrton Senna
24.6%
1967Jayne Mansfield
20.1%
1989Billy Martin
18.7%
2003Herb Brooks
16.5%
1927Isadora Duncan
16.2%
1993Dražen Petrović
13.8%
Year Person % Correct
1956Jackson Pollock
13.4%
1960Albert Camus
12.2%
2002Lisa Lopes
10.7%
2000Derrick Thomas
8.8%
1935T. E. Lawrence
7.7%
2007David Halberstam
2.9%
1992Alexander Dubček
2.6%
2004Ivan Hlinka
2.2%
1981Valeri Kharlamov
2.2%
1991Dottie West
1.8%
1998Alan Pakula
1.6%
1966Giuseppe Farina
1.4%

You're not logged in!

Compare scores with friends on all Sporcle quizzes.
OR
Log In

You Might Also Like...

Show Comments

Extras

Top Quizzes Today


Score Distribution

Your Account Isn't Verified!

In order to create a playlist on Sporcle, you need to verify the email address you used during registration. Go to your Sporcle Settings to finish the process.

Report this User

Report this user for behavior that violates our Community Guidelines.

Details: